[Event "POL-chT U20 2nd League"]
[Site "Sypniewo"]
[Date "2025.06.26"]
[Round "9.70"]
[White "Minkiewicz, Filip"]
[Black "Matuszyk, Bartlomiej"]
[Result "0-1"]
[WhiteElo "1476"]
[BlackElo "1707"]
[PlyCount "80"]
[EventDate "2025.06.18"]
[EventType "team-swiss"]
[EventRounds "9"]
[EventCountry "POL"]
[SourceTitle "CB27_2025"]
[SourceDate "2025.07.02"]
[SourceVersion "1"]
[SourceVersionDate "2025.07.02"]
[SourceQuality "1"]
[WhiteTeam "Suwałki Jacwiez"]
[BlackTeam "Gorlice Kornuty"]
[WhiteTeamCountry "POL"]
[BlackTeamCountry "POL"]

1. d4 Nf6 2. c4 e6 3. g3 d5 4. cxd5 exd5 5. Nc3 Be7 6. Bg2 c6 7. Nf3 Bf5 8. 0-0 0-0 9. Bf4 Nbd7 10. h4 Nb6 11. b3 Rc8 12. e3 h6 13. Be5 Bh7 14. Bh3 Ra8 15. g4 Ne4 16. Nxe4 Bxe4 17. h5 a5 18. Nh2 Nd7 19. Bg3 Re8 20. Qd2 Nf8 21. f4 Bb4 22. Qf2 Qe7 23. Bh4 Qc7 24. a3 Bd6 25. g5 hxg5 26. Bxg5 Nh7 27. Ng4 f5 28. Nh2 Nxg5 29. fxg5 Bd3 30. Rfe1 Bg3 31. Qd2 Bxe1 32. Rxe1 Qg3+ 33. Qg2 Qxe1+ 34. Nf1 Bxf1 35. Qxf1 Qxf1+ 36. Bxf1 Rxe3 37. Kf2 Rae8 38. Bg2 Re2+ 39. Kg1 Rxg2+ 40. Kxg2 Re3 0-1

[Event "POL-chT U20 2nd League"]
[Site "Sypniewo"]
[Date "2025.06.24"]
[Round "7.34"]
[White "Minkiewicz, Filip"]
[Black "Wnorowski, Lukasz"]
[Result "1/2-1/2"]
[WhiteElo "1476"]
[BlackElo "1673"]
[PlyCount "85"]
[EventDate "2025.06.18"]
[EventType "team-swiss"]
[EventRounds "9"]
[EventCountry "POL"]
[SourceTitle "CB27_2025"]
[SourceDate "2025.07.02"]
[SourceVersion "1"]
[SourceVersionDate "2025.07.02"]
[SourceQuality "1"]
[WhiteTeam "Suwałki Jacwiez"]
[BlackTeam "Białystok Stoczek 45 III"]
[WhiteTeamCountry "POL"]
[BlackTeamCountry "POL"]

1. c4 c5 2. g3 g6 3. Bg2 Bg7 4. Nf3 Nc6 5. 0-0 Nf6 6. Nc3 d6 7. e3 Be6 8. d3 0-0 9. a3 a6 10. e4 Bg4 11. h3 Bxf3 12. Bxf3 Rb8 13. a4 Nd4 14. Be3 Nd7 15. Bg2 e5 16. Bxd4 cxd4 17. Nd5 Nb6 18. f4 Nxd5 19. cxd5 f5 20. fxe5 dxe5 21. exf5 Rxf5 22. Rxf5 gxf5 23. Qh5 Qd7 24. Rf1 Rf8 25. b3 Qf7 26. Qxf7+ Rxf7 27. Rc1 Bf8 28. Rc8 Rd7 29. g4 fxg4 30. hxg4 Kg7 31. Be4 Bd6 32. Kg2 Rc7 33. Rxc7+ Bxc7 34. Bf5 b5 35. axb5 axb5 36. Kf3 h6 37. Be4 Kf6 38. Kf2 Bd6 39. Kf3 Kg5 40. Kg3 Bc7 41. Kf3 Bd6 42. Bf5 e4+ 43. Bxe4 1/2-1/2

[Event "POL-chT U20 2nd League"]
[Site "Sypniewo"]
[Date "2025.06.18"]
[Round "1.40"]
[White "Minkiewicz, Filip"]
[Black "Grunas, Kacper"]
[Result "0-1"]
[WhiteElo "1476"]
[BlackElo "1619"]
[PlyCount "118"]
[EventDate "2025.06.18"]
[EventType "team-swiss"]
[EventRounds "9"]
[EventCountry "POL"]
[SourceTitle "CB27_2025"]
[SourceDate "2025.07.02"]
[SourceVersion "1"]
[SourceVersionDate "2025.07.02"]
[SourceQuality "1"]
[WhiteTeam "Suwałki Jacwiez"]
[BlackTeam "Wroclaw Polonia II"]
[WhiteTeamCountry "POL"]
[BlackTeamCountry "POL"]

1. d4 Nf6 2. c4 e6 3. Nf3 d5 4. Nc3 Be7 5. Bg5 c6 6. e3 Nbd7 7. Qc2 h6 8. Bh4 0-0 9. Bd3 dxc4 10. Bxc4 Nd5 11. Bg3 N7b6 12. Bd3 Nb4 13. Qd2 Nxd3+ 14. Qxd3 Nd5 15. 0-0 Bd6 16. Bxd6 Qxd6 17. a3 Nxc3 18. bxc3 Rd8 19. Rfd1 Qe7 20. Qc2 b6 21. Ne5 Bb7 22. f4 c5 23. Qf2 Be4 24. Qg3 f6 25. Ng4 Kh8 26. Nf2 Bb7 27. Qg6 Bc6 28. Rd2 Be8 29. Qe4 f5 30. Qf3 Rac8 31. Qh3 c4 32. e4 Bg6 33. Qe3 fxe4 34. Nxe4 Rd5 35. Ng3 Ra5 36. Re2 Re8 37. a4 b5 38. Qe5 Rxa4 39. Rxa4 bxa4 40. f5 Bf7 41. Qb5 Qa3 42. fxe6 Rxe6 43. Rxe6 Bxe6 44. Qb8+ Kh7 45. Qb1+ Kh8 46. Nh5 Qxc3 47. Qb8+ Bg8 48. Qe5 Qc1+ 49. Kf2 Qg5 50. Qe2 a3 51. Ng3 Qf4+ 52. Ke1 Qc1+ 53. Kf2 Qb2 54. Nf1 Qxe2+ 55. Kxe2 a2 56. Ne3 a1Q 57. Nc2 Qh1 58. Ne3 Qxh2 59. Kd2 Qf4 0-1